Mítosz és kultúrtörténet Mircea Eliade A szent és a profán című könyvének értelmezése /
Elmentve itt :
| Szerző: | |
|---|---|
| További közreműködők: | |
| Dokumentumtípus: | Könyv része |
| Megjelent: |
1993
|
| Sorozat: | Szegedi bölcsészfüzetek
4 Tudomány és hagyomány 4 |
| Kulcsszavak: | Vallásfilozófia, Vallásfenomenológia |
| Tárgyszavak: | |
| Online Access: | http://acta.bibl.u-szeged.hu/45486 |
| LEADER | 00886naa a2200241 i 4500 | ||
|---|---|---|---|
| 001 | acta45486 | ||
| 005 | 20220124155016.0 | ||
| 008 | 170502s1993 hu o 0|| hun d | ||
| 020 | |a 963 481 988 5 | ||
| 022 | |a 1215-2870 | ||
| 040 | |a SZTE Egyetemi Kiadványok Repozitórium |b hun | ||
| 041 | |a hun | ||
| 100 | 1 | |a Fejér Ádám | |
| 245 | 1 | 0 | |a Mítosz és kultúrtörténet |h [elektronikus dokumentum] : |b Mircea Eliade A szent és a profán című könyvének értelmezése / |c Fejér Ádám |
| 260 | |c 1993 | ||
| 300 | |a 87-98 | ||
| 490 | 0 | |a Szegedi bölcsészfüzetek |v 4 | |
| 490 | 0 | |a Tudomány és hagyomány |v 4 | |
| 650 | 4 | |a Bölcsészettudományok | |
| 650 | 4 | |a Filozófia, etika és vallástudományok | |
| 695 | |a Vallásfilozófia, Vallásfenomenológia | ||
| 700 | 0 | 1 | |a Eliade Mircea |
| 856 | 4 | 0 | |u http://acta.bibl.u-szeged.hu/45486/1/bolcseszfuzetek_1993_087-098.pdf |z Dokumentum-elérés |